Metodología de la programación /
Guardado en:
| Autor Principal: | |
|---|---|
| Autores Corporativos: | , |
| Formato: | Libro |
| Idioma: | Spanish |
| Publicado: |
[Buenos Aires] :
Centro Latinoamericano de Matemática e Informática,
1983.
|
| Series: | Publicaciones (Centro Latinoamericano de Matemática e Informática) ;
11 |
| Etiquetas: |
Agregar Etiqueta
Sin Etiquetas, Sea el primero en etiquetar este registro!
|
| LEADER | 01202nam a22002175a 4500 | ||
|---|---|---|---|
| 001 | MAT.inmabb006726 | ||
| 008 | 120903s1983####ag#######b####101#0#spa#d | ||
| 005 | 20170519122301.0 | ||
| 245 | 1 | 0 | |a Metodología de la programación / |c Juan Carlos Anselmi. |
| 260 | |a [Buenos Aires] : |b Centro Latinoamericano de Matemática e Informática, |c 1983. | ||
| 300 | |a 175 p. ; |c 22 cm. | ||
| 490 | 1 | |a [Publicaciones] / Centro Latinoamericano de Matemática e Informática ; |v 11 | |
| 500 | |a "Primer Simposio Latinoamericano de Informática, Adhesión al XXV aniversario del CONICET". | ||
| 500 | |a "Consejo Nacional de Investigaciones Científicas y Técnicas (CONICET), Centro Regional de Investigación y Desarrollo de Santa Fe (CERIDE), Oficina Intergubernamental para la Informática (IBI), UNESCO-ROSTLAC". | ||
| 504 | |a Incluye referencias bibliográficas (p. 164-165) e índice. | ||
| 100 | 1 | |a Anselmi, Juan Carlos. | |
| 710 | 2 | |a Centro Latinoamericano de Matemática e Informática. | |
| 711 | 2 | |a Simposio Latinoamericano de Informática |n (1.º : |d 1983?) | |
| 830 | 0 | |a Publicaciones (Centro Latinoamericano de Matemática e Informática) ; |v 11 | |
| 084 | |a 68Nxx |2 msc2000 | ||
| 859 | |h 68 |i An618p |p A-5735 |b BIB. MATEMATICA | ||
